Statistieken voor Bekende Nederlanders Quiz

Klik hier om de quiz te nemen!

Algemene statistieken

  • Deze quiz is 365 keer genomen
  • De gemiddelde score is 7 van 15

Antwoordstatistieken

GenderBeroepLeeftijdBN'er% Correct
ManFormule 1 coureur22Max Verstappen
92%
ManMinister-president52Mark Rutte
85%
ManBioloog36Freek Vonk
75%
ManKomiek, zanger, acteur72André van Duin
63%
VrouwTalkshow host41Eva Jinek
62%
ManVoetballer22Frenkie de Jong
56%
ManRapper, cabaretier38Ali B
51%
ManCrimineel61Willem Holleeder
49%
VrouwModel34Doutzen Kroes
44%
ManZanger53Marco Borsato
41%
VrouwActrice, presentatrice40Chantal Janzen
34%
VrouwZangeres44Anouk
28%
ManKomiek, acteur38Jan Dino
9%
ManTv-presentator, cabaretier, "rapper"40Arjen Lubach
8%
VrouwNieuwslezeres, tv-presentatrice40Merel Westrik
6%

Scoreverdeling

Percentiel versus Aantal Correcte Antwoorden

Procent van Mensen met Elke Score

Uw Scoregeschiedenis

U heeft deze quiz nog niet genomen